000 00447nam a22001817a 4500
003 CEME
005 20210628202641.0
008 210210b xxu||||| |||| 00| 0 eng d
020 _a81-7554-182-2
040 _c.
082 _a658.84 HAI
100 _aHaig, Matt
_960916
245 _aE-business essentials design your web site
260 _aNEW DELHI
_bKOGAN PAGE
_c2002
300 _a122P
650 _aE-COMMERCE
_960917
942 _cBK
_2ddc
999 _c570518
_d570518